01179nam a2200265 a 450000500170000000800410001702000180005805000240007610000200010024500920012025000120021226000470022430000210027144000180029250000200031052003260033052100090065665000240066565000160068965000150070570000180072094200170073899900170075595201410077220140310183616.0120903s19uu xx 00 eng d a9781856178471 aHF 5549b.K445 2010 aKenton, Barbara aHR : the business partner :bfurthering the journey /cBarbara Kenton and Jane Yarnall. a2nd ed. aAmsterdam :bButterworth-Heinemann,c2010. a285 p. :c25 cm. aThe HR series aIncludes index. aOffers practical insights to take you through the process of business partnering, including no-nonsense description of what business partnering entails. This book covers the common challenges and advice on how to overcome them. It includes guidance on how to develop the skills and confidence required to work effectively aBSBA aPersonnel directors aPartnership aManagement aYarnall, Jane cBK2lcckFOR c25321d25321 00102lcc40aCLbCLcGCd2012-09-03eLibrary Fundl1m1oHF 5549 .K445 2010pC15345r2018-05-15 00:00:00s2014-11-03t1w2013-10-18yBK